000 00490nam a2200181Ia 4500
005 20250326125638.0
008 250326s9999 xx 000 0 und d
037 _aTextbook
040 _aFMSL
_beng
_cFMSL
041 _aeng
_2eng
084 _aX:87 L1
_qFMSL
100 _aLevinson H
_9739417
245 0 _aExceptional executive
_cLevinson H
260 _aLondon
_bLondon, New American Library
_c1971
300 _a336p
942 _cTB
_hX:87 L1
999 _c1278931
_d1278931